Plastic and reconstructive surgery of the face : (Record no. 1499)

MARC details
000 -LEADER
fixed length control field 01222pam a2200397 a 4500
001 - CONTROL NUMBER
control field data
005 - DATE AND TIME OF LATEST TRANSACTION
control field 20260322212103.0
008 - FIXED-LENGTH DATA ELEMENTS--GENERAL INFORMATION
fixed length control field data
035 ## - SYSTEM CONTROL NUMBER
System control number 898750
010 ## - LIBRARY OF CONGRESS CONTROL NUMBER
LC control number 81015985
020 ## - INTERNATIONAL STANDARD BOOK NUMBER
International Standard Book Number 068306889X
035 ## - SYSTEM CONTROL NUMBER
-- (DLC) 81015985
040 ## - CATALOGING SOURCE
Original cataloging agency DLC
Transcribing agency DLC
Modifying agency DLC
050 10 - LIBRARY OF CONGRESS CALL NUMBER
Classification number RD523
Item number .P57 1982
060 ## - NATIONAL LIBRARY OF MEDICINE CALL NUMBER
Classification number WE 705 P672pa
082 00 - DEWEY DECIMAL CLASSIFICATION NUMBER
Classification number 617/.52
Edition information 19
100 1# - MAIN ENTRY--PERSONAL NAME
Personal name Pirruccello, Frank W.
245 10 - TITLE STATEMENT
Title Plastic and reconstructive surgery of the face :
Remainder of title flaps of the head and neck /
Statement of responsibility, etc. Frank W. Pirruccello ; with illustrations by the author and Bo Pirruccello.
260 ## - PUBLICATION, DISTRIBUTION, ETC.
Place of publication, distribution, etc. Baltimore :
Name of publisher, distributor, etc. Williams & Wilkins,
Date of publication, distribution, etc. c1982.
300 ## - PHYSICAL DESCRIPTION
Extent xiii, 97 p. :
Other physical details ill. ;
Dimensions 29 cm.
336 ## - CONTENT TYPE
Content type term text
Content type code txt
Source rdacontent
337 ## - MEDIA TYPE
Media type term unmediated
Media type code n
Source rdamedia
338 ## - CARRIER TYPE
Carrier type term volume
Carrier type code nc
Source rdacarrier
504 ## - BIBLIOGRAPHY, ETC. NOTE
Bibliography, etc. note Bibliography: p. 96.
650 #0 - SUBJECT ADDED ENTRY--TOPICAL TERM
Topical term or geographic name entry element Face
General subdivision Surgery.
650 #0 - SUBJECT ADDED ENTRY--TOPICAL TERM
Topical term or geographic name entry element Neck
General subdivision Surgery.
650 #0 - SUBJECT ADDED ENTRY--TOPICAL TERM
Topical term or geographic name entry element Flaps (Surgery)
650 #0 - SUBJECT ADDED ENTRY--TOPICAL TERM
Topical term or geographic name entry element Surgery, Plastic.
650 #2 - SUBJECT ADDED ENTRY--TOPICAL TERM
Topical term or geographic name entry element Face
General subdivision Surgery.
650 #2 - SUBJECT ADDED ENTRY--TOPICAL TERM
Topical term or geographic name entry element Head
General subdivision Surgery.
650 #2 - SUBJECT ADDED ENTRY--TOPICAL TERM
Topical term or geographic name entry element Neck
General subdivision Surgery.
650 #2 - SUBJECT ADDED ENTRY--TOPICAL TERM
Topical term or geographic name entry element Surgery, Plastic.
650 #2 - SUBJECT ADDED ENTRY--TOPICAL TERM
Topical term or geographic name entry element Surgical flaps.
906 ## - LOCAL DATA ELEMENT F, LDF (RLIN)
a 7
b cbc
c orignew
d 1
e ocip
f 19
g y-gencatlg
Holdings
Withdrawn status Lost status Damaged status Not for loan Home library Current library Shelving location Date acquired Total checkouts Full call number Barcode Date last seen Price effective from Koha item type
        Riverside Riverside General stacks 22/03/2026   617/.52 LOC-RPL-00046 22/03/2026 22/03/2026 Books